Casa, città, corpi, bambini : piccole prose del maggiore scrittore francese d'oggi /

محفوظ في:
التفاصيل البيبلوغرافية
المؤلف الرئيسي: Tournier, Michel (مؤلف)
مؤلفون آخرون: Rossi, Roberto (omonimi non identificati)
التنسيق: كتاب
اللغة:الإيطالية
منشور في: Milano : Garzanti, 1989
سلاسل:I coriandoli
الوسوم: إضافة وسم
لا توجد وسوم, كن أول من يضع وسما على هذه التسجيلة!

MARC

LEADER 00000nam a2200000 i 4500
001 IT\ICCU\CFI\0187664
003 ItRI
005 20260115231900.0
008 920510s1989 it |||||| ||||| |||||c
020 |a 8811658403 
040 |b ita  |c importazione bologna sebina 
041 7 |a ita  |2 ISO-639-2 
082 |a 848.914  |9 SCRITTI MISCELLANEI FRANCESI. 1945-  |2 12 
100 1 |a Tournier, Michel  |0 IT\ICCU\CFIV\004140  |4 aut 
240 1 0 |a Petites proses. -  |3 IT\ICCU\CFI\0187665  |9 Tournier, Michel 
245 1 0 |a Casa, città, corpi, bambini :  |b piccole prose del maggiore scrittore francese d'oggi /  |c Michel Tournier ; traduzione di Roberto Rossi. 
260 |a Milano :  |b Garzanti,  |c 1989 
300 |a 102 p. ;  |c 19 cm. 
700 1 |a Rossi, Roberto  |c  (omonimi non identificati)  |0 IT\ICCU\CFIV\186619 
830 2 |a I coriandoli  |0 IT\ICCU\CFI\0169816 
942 |2 ddc  |c BK  |n 0 
952 |0 0  |1 0  |4 0  |6 DOC_848_914000000000000_TOU  |7 0  |9 15182  |a BO  |b BO  |d 2026-01-15  |i 1900  |l 0  |o DOC 848.914 TOU  |p BO1900  |r 2026-01-15 23:19:00  |w 2026-01-15  |x [Sebina 5] [1 v.]  |y BK  |z 1 v. 
999 |c 13068  |d 13068